000 00616nam a2200229Ia 4500
003 OSt
005 20221007063757.0
006 a|||||r|||| 00| 0
007 ta
008 221006b |||||||| |||| 00| 0 eng d
024 _a16,263
037 _cTextual
040 _aFLL
_cFLL
_beng
041 _2eng
_aeng
082 _aX7295:Z2g, L9
100 _aMajumdar B.B. Au.
_9684438
245 0 _aCustoms manual
260 _aCalcutta
_bInternational law book centre India
_c1979
300 _ax,c362p
_ccm.
942 _hX7295:Z2g, L9
_cTEXL
_2CC
999 _c1132163
_d1132163